Guadalupe River cross section : Guadalupe Co. to Calhoun Co. /

Bibliographic Details
Corporate Author: South Texas Geological Society
Format: Map
Language:English
Published: [San Antonio, Tex.?] : The Society, [1952]
Subjects:

MARC

Tag First Indicator Second Indicator Subfields
LEADER 00000cem a2200000ua 4500
001 in00000971321
005 20150927151059.0
007 as aauaa
008 851003s1952 txu a 0 eng d
034 1 |a a  |b 250000  |c 10000 
035 |a (OCoLC)21735130 
035 |9 AEX2726AM 
040 |a CUY  |c CUY  |d TXA  |d UtOrBLW 
049 |a TXAC 
052 |a 4031 
090 |a G4032.G79C57  |b 1952 .S6 
110 2 |a South Texas Geological Society. 
245 1 0 |a Guadalupe River cross section :  |b Guadalupe Co. to Calhoun Co. /  |c South Texas Geological Society; John C. [Bienchi?] Jr., [and others]. 
255 |a Scale [ca.1:250,000-horizontal]. 1 in. = 4 miles. Vertical scale [ca. 1:10,000]. 1 in. = 800 ft. 
264 1 |a [San Antonio, Tex.?] :  |b The Society,  |c [1952] 
300 |a 1 map section :  |b photocopy ;  |c 44 x 85 cm. 
336 |a cartographic image  |b cri  |2 rdacontent 
337 |a unmediated  |b n  |2 rdamedia 
338 |a sheet  |b nb  |2 rdacarrier 
500 |a Blueline photocopy. 
500 |a Correlates bore hole stratigraphy. 
500 |a Includes location index map. 
500 |a "November 1952." 
500 |a Cartographic material. 
650 0 |a Geology, Stratigraphic  |v Maps. 
650 0 |a Geology  |z Texas  |x Maps. 
650 0 |a Stratigraphic correlation  |z Texas  |x Maps. 
999 |a MARS 
999 f f |s f450c7b1-f778-3c4a-9e44-341957c25730  |i 764ccb2d-e8ad-3520-a41f-01d0827215f3  |t 0 
952 f f |p normal  |a Texas A&M University  |b College Station  |c Sterling C. Evans Library  |d Evans: Maps (2nd floor)  |t 0  |e G4032.G79C57 1952 .S6  |h Library of Congress classification  |i unmediated -- sheet  |m A14813650227 
952 f f |p normal  |a Texas A&M University  |b College Station  |c Sterling C. Evans Library  |d Evans: Maps (2nd floor)  |t 0  |e G4032.G79C57 1952 .S6  |h Library of Congress classification  |i unmediated -- sheet  |m A14818179925 
998 f f |a G4032.G79C57 1952 .S6  |t 0  |l Evans: Maps (2nd floor) 
998 f f |a G4032.G79C57 1952 .S6  |t 0  |l Evans: Maps (2nd floor)